| 000 | 00792nam a2200241 i 4500 | ||
|---|---|---|---|
| 001 | bg | ||
| 003 | BPK | ||
| 005 | 20200630132815.0 | ||
| 008 | s1975 pl f f |000 0 pol | ||
| 040 | _cBPK | ||
| 041 | _apol | ||
| 080 | _a53 | ||
| 080 | _a(075.8) | ||
| 100 | 1 |
_aSkorko, Marta _d(1913-2001). |
|
| 245 | 1 | 0 |
_aFizyka : _bpodręcznik dla studentów wyższych technicznych studiów zawodowych dla pracujących / _cMarta Skorko. |
| 250 | _aWyd.3. | ||
| 260 |
_aWarszawa : _bPańst. Wydaw. Naukowe, _c1975. |
||
| 650 | 4 |
_aFizyka _xszkoły wyższe. |
|
| 655 | 4 | _aPodręczniki akademickie | |
| 710 | 2 |
_aPaństwowe Wydawnictwo Naukowe _4pbl. |
|
| 856 |
_uhttp://koha.tu.koszalin.pl/cgi-bin/koha/opac-detail.pl?biblionumber=474 _yKatalog online BPK |
||
| 942 |
_cKS _2UKD |
||
| 999 |
_c474 _d474 |
||